Intervencion de los espiritus en el mundo corporal : (Record no. 865)

000 -CABECERA
fixed length control field 00924nam a22002297a 4500
003 - IDENTIFICADOR DEL NÚMERO DE CONTROL
control field AR-CdUCM
008 - DATOS DE LONGITUD FIJA--INFORMACIÓN GENERAL
fixed length control field 190225b ||||| |||| 00| 0 spa d
020 ## - NÚMERO INTERNACIONAL ESTÁNDAR DEL LIBRO
ISBN 9879512650
040 ## - FUENTE DE LA CATALOGACIÓN
Agencia/entidad que catalogó originalmente la obra MUNICIPALIDAD PROVINCIAL DEL CUSCO
Entidad que transcribió la catalogación BIBLIOTECA MUNICIPAL DEL CUSCO
082 ## - NÚMERO DE LA CLASIFICACIÓN DECIMAL DEWEY
No. de Clasificación 133.9 /
Notacion interna AC17
110 ## - ENTRADA PRINCIPAL--NOMBRE DE ENTIDAD CORPORATIVA
Nombre de la institución, jurisdicción como entrada principal Academia filosófica de la plata
9 (RLIN) 3308
245 ## - MENCIÓN DE TÍTULO
Título Intervencion de los espiritus en el mundo corporal :
Resto del título Investigación de señales de influencia de los espíritus sobre los hombres en los textos bíblicos /
260 ## - PUBLICACIÓN, DISTRIBUCIÓN, ETC.
Lugar de publicación, distribución, etc. La Plata :
Nombre de la editorial, distribuidor, etc. La academia,
Fecha de publicación, distribución, etc. 2006.
300 ## - DESCRIPCIÓN FÍSICA
Nº de Páginas Extensión 228 paginas ;
Dimensiones 21 cm.
Material acompañante + 3 cuadros
505 ## - NOTA DE CONTENIDO CON FORMATO
Nota de contenido formateada Origen y autenticidad de los evangelios -- Sobre los evangelios -- Del canon de la sagrada escritura ...
650 ## - PUNTO DE ACCESO ADICIONAL DE MATERIA--TÉRMINO DE MATERIA
Descriptor Espiritualismo
9 (RLIN) 3309
650 ## - PUNTO DE ACCESO ADICIONAL DE MATERIA--TÉRMINO DE MATERIA
Descriptor Biblia y espiritualismo
9 (RLIN) 3310
650 ## - PUNTO DE ACCESO ADICIONAL DE MATERIA--TÉRMINO DE MATERIA
Descriptor Apariciones
9 (RLIN) 3311
650 ## - PUNTO DE ACCESO ADICIONAL DE MATERIA--TÉRMINO DE MATERIA
Descriptor exorcistas
9 (RLIN) 3312
942 ## - ELEMENTOS DE PUNTO DE ACCESO ADICIONAL (KOHA)
Fuente de clasificación
Tipo de item Libros-BMC
945 ## - PROCESAMIENTO DE INFORMACIÓN LOCAL (OCLC)
Catalogador acv
AAAA-MM-DD - Fecha de ingreso o modificacion 2019-02-25
Holdings
Estado de retiro (separado) Fuente de clasificación o esquema de estanterías Estado dañado Ubicación Sala donde se ubica Nombre de la colección Fecha de adquisición o compra Costo, precio normal en soles Signatura topográfica Código de Barras Última vez visto (Koha) Tipo de ítem (Koha) Número de Ejemplar
No     Sala Humanidades Sala Humanidades Book Cart 2019-02-25 25.00 133.9 / AC17 SH0000000940 2019-02-25 Libros-BMC  
No     Sala Humanidades Sala Humanidades Book Cart 2019-02-26 20.00 133.9 / AC17 SH0000001152 2019-02-26 Libros-BMC 2ej.

Powered by Koha